Statistiques concernant Boisson = Pays

Cliquez ici pour prendre le quiz!

Statistiques générales

  • Ce quiz a été pris 303 fois
  • Le résultat moyen est 8 sur 16

Statistiques - réponses

Réponse% Correct
Etats-Unis
99%
Etats-Unis
85%
Etats-Unis
69%
France
69%
Etats-Unis
67%
France
66%
Canada
65%
Etats-Unis
51%
Etats-Unis
51%
Royaume-Uni
48%
Allemagne
42%
Espagne
42%
Royaume-Uni
33%
Allemagne
28%
Thaïlande
6%
Indonésie
0%

Distribution des résultats

Percentile par nombre de réponses

% des personnes avec chaque résultat

Votre développement - résultats

Vous n’avez pas pris ce quiz